[Event "Cambrdge Springs Memorial Tournament"]
[Site "SchemingMind.com"]
[Date "2025.01.16"]
[Round "-"]
[White "pawngrabber"]
[Black "Chessibelle"]
[Result "1-0"]
[WhiteCountry "ENG"]
[BlackCountry "ENG"]
[WhiteElo "1730"]
[WhiteRD "63"]
[BlackElo "915"]
[BlackRD "58"]
[GameID "750993"]

1. d4 d5 2. c4 e6 3. cxd5 exd5 4. Nc3 Nf6 5. Bg5 Be7 6. e3 Bd7 7. Nf3 O-O 8. Bd3 g6 9. O-O b6 10. Rc1 h5
11. Ne5 Bg4 12. Nxg4 Nxg4 13. Bxe7 Qxe7 14. Nxd5 Qd6 15. Nf4 Nd7 16. h3 Ngf6 17. Qf3 Rfe8 18. a3 Rab8 19. Rc6 Qe7 20. Rfc1 Nf8
21. Rxc7 N6d7 22. Rxa7 Qd6 23. Rc6 Qf6 24. Rxf6 Nxf6 25. Nxg6 N8h7 26. Ne5 Rbc8 27. Bxh7+ Kg7 28. Rxf7+ Kh8 29. Qxf6#
1-0

[Event "Cambrdge Springs Memorial Tournament"]
[Site "SchemingMind.com"]
[Date "2025.01.17"]
[Round "-"]
[White "Chessibelle"]
[Black "pawngrabber"]
[Result "0-1"]
[WhiteCountry "ENG"]
[BlackCountry "ENG"]
[WhiteElo "915"]
[WhiteRD "58"]
[BlackElo "1730"]
[BlackRD "63"]
[GameID "750994"]

1. Nf3 d5 2. d4 Nf6 3. h3 e6 4. Bd2 c5 5. b3 Nc6 6. e3 Ne4 7. Bc1 cxd4 8. exd4 Bd6 9. g4 O-O 10. Nbd2 Nc3
0-1

[Event "Cambrdge Springs Memorial Tournament"]
[Site "SchemingMind.com"]
[Date "2025.01.16"]
[Round "-"]
[White "pawngrabber"]
[Black "Allan Sedstrem"]
[Result "1-0"]
[WhiteCountry "ENG"]
[BlackCountry "SCO"]
[WhiteElo "1775"]
[WhiteRD "61"]
[BlackElo "1537"]
[BlackRD "58"]
[GameID "750995"]

1. d4 d5 2. c4 dxc4 3. Nc3 Nf6 4. e4 e5 5. d5 Bc5 6. Nf3 O-O 7. Bxc4 a6 8. O-O c6 9. Bg5 b5 10. Bb3 Be7
11. dxc6 Nxc6 12. Qe2 Bg4 13. Qe3 Qc7 14. Bxf6 Bxf6 15. Nd5 Qd6 16. Bd1 Ne7 17. Nxf6+ Qxf6 18. Nd2 Bxd1 19. Rfxd1 Rfd8 20. Nf3 Rxd1+
21. Rxd1 h6 22. h3 Ng6 23. Rd5 Nf4 24. Rxe5 Qg6 25. Qxf4 f6 26. Rd5 Qe8 27. Qg4 Rd8 28. Rxd8 Qxd8 29. Qe6+ Kh8 30. Qxa6 b4
31. Qa4 Qe7 32. a3 bxa3 33. Qxa3 Qxe4 34. b4 g5 35. Qb2 Kg7 36. b5
1-0

[Event "Cambrdge Springs Memorial Tournament"]
[Site "SchemingMind.com"]
[Date "2025.01.16"]
[Round "-"]
[White "Allan Sedstrem"]
[Black "pawngrabber"]
[Result "0-1"]
[WhiteCountry "SCO"]
[BlackCountry "ENG"]
[WhiteElo "1541"]
[WhiteRD "56"]
[BlackElo "1730"]
[BlackRD "63"]
[GameID "750996"]

1. d4 Nf6 2. c4 e6 3. Nc3 Bb4 4. Bd2 d5 5. Na4 Bxd2+ 6. Qxd2 dxc4 7. e3 b6 8. Bxc4 Bb7 9. f3 O-O 10. O-O-O Nbd7
11. e4 a6 12. e5 Nd5 13. Bxd5 Bxd5 14. Nc3 Bb7 15. h4 c5 16. dxc5 Nxc5 17. Qc2 Qe7 18. g4 Rac8 19. Rh3 b5 20. Kb1 Na4
21. Nge2 Nxc3+ 22. Nxc3 b4 23. Qb3 bxc3 24. bxc3 Bxf3 25. Rxf3 Rb8 26. Qxb8 Rxb8+ 27. Ka1 Qa3 28. Rfd3 Qb2#
0-1

[Event "Cambrdge Springs Memorial Tournament"]
[Site "SchemingMind.com"]
[Date "2025.01.16"]
[Round "-"]
[White "pawngrabber"]
[Black "Raymond de Kemp"]
[Result "0-1"]
[WhiteCountry "ENG"]
[BlackCountry "NED"]
[WhiteElo "1775"]
[WhiteRD "61"]
[BlackElo "1816"]
[BlackRD "63"]
[GameID "750997"]

1. d4 f5 2. c4 Nf6 3. Nc3 g6 4. Nf3 Bg7 5. Bg5 O-O 6. e3 d6 7. Bd3 c6 8. O-O Qc7 9. Rc1 e5 10. Bxf6 Bxf6
11. dxe5 dxe5 12. e4 f4 13. b4 Bg4 14. h3 Be6 15. Qc2 Qf7 16. c5 Nd7 17. Nd2 h5 18. Ra1 Qg7 19. Nc4 Be7 20. Rad1 f3
21. gxf3 Bxh3 22. Rfe1 Qh6 23. Kh1 Rxf3 24. Rg1 Raf8 25. Rd2 Be6 26. Nd1 h4 27. Be2 Rh3+ 28. Kg2 g5 29. Kf1 Rh2 30. Ke1 h3
31. Bf1 g4 32. Nce3 Qf4 33. Nf5 Bg5 34. Re2 Bxf5 35. exf5 Qxb4+ 36. Nc3 Nxc5 37. Rxe5 Bf6 38. Re3 Kh8
0-1

[Event "Cambrdge Springs Memorial Tournament"]
[Site "SchemingMind.com"]
[Date "2025.01.16"]
[Round "-"]
[White "Raymond de Kemp"]
[Black "pawngrabber"]
[Result "0-1"]
[WhiteCountry "NED"]
[BlackCountry "ENG"]
[WhiteElo "1816"]
[WhiteRD "63"]
[BlackElo "1775"]
[BlackRD "61"]
[GameID "750998"]

1. f4 d5 2. Nf3 Nf6 3. e3 c5 4. b3 e6 5. Bb2 Be7 6. Bb5+ Bd7 7. Be2 O-O 8. Ne5 Nc6 9. O-O Ne8 10. Nxd7 Qxd7
11. d4 cxd4 12. exd4 Nf6 13. Nd2 Rac8 14. Nf3 Bd8 15. c3 Ne4 16. b4 Ne7 17. Ne5 Qc7 18. Rc1 Nf5 19. Rf3 f6 20. Nd3 Qf7
21. Rh3 g6 22. g4 Nfd6 23. f5 exf5 24. gxf5 Nxf5 25. Bg4 Rc7 26. Bxf5 gxf5 27. Rc2 Qe8 28. Rg2+ Kh8 29. Nf4 Rg8 30. Rxg8+ Qxg8+
31. Kf1 Rg7 32. Qc2 Rg1+ 33. Ke2 Qg4+
0-1

[Event "Cambrdge Springs Memorial Tournament"]
[Site "SchemingMind.com"]
[Date "2025.01.17"]
[Round "-"]
[White "pawngrabber"]
[Black "remstal"]
[Result "0-1"]
[WhiteCountry "ENG"]
[BlackCountry "GER"]
[WhiteElo "1730"]
[WhiteRD "63"]
[BlackElo "2143"]
[BlackRD "140"]
[GameID "751025"]

1. c4 e5 2. Nc3 Nf6 3. g3 Bb4 4. Bg2 O-O 5. e3 Bxc3 6. bxc3 b6 7. d4 e4 8. Ne2 Re8 9. O-O Ba6 10. Nf4 Bxc4
11. Re1 d5 12. Bb2 Nc6 13. Ne2 Qd6 14. Nc1 h5 15. a4 g6 16. Ba3 Qd7 17. Nb3 Bxb3 18. Qxb3 Na5 19. Qc2 Nc4 20. h3 Kg7
21. Kh2 h4 22. g4 Nxa3 23. Rxa3 Qd6+
0-1

[Event "Cambrdge Springs Memorial Tournament"]
[Site "SchemingMind.com"]
[Date "2025.01.17"]
[Round "-"]
[White "remstal"]
[Black "pawngrabber"]
[Result "1-0"]
[WhiteCountry "GER"]
[BlackCountry "ENG"]
[WhiteElo "2143"]
[WhiteRD "140"]
[BlackElo "1730"]
[BlackRD "63"]
[GameID "751026"]

1. e4 d6 2. d4 Nf6 3. Nc3 g6 4. Be3 c6 5. f4 Bg7 6. Nf3 Bg4 7. h3 Bxf3 8. Qxf3 O-O 9. O-O-O Nbd7 10. g4 e5
11. dxe5 dxe5 12. g5 exf4 13. gxf6 Bxf6 14. Qxf4 Bg7 15. Qg4 Ne5 16. Rxd8 Nxg4 17. Rxf8+ Bxf8 18. hxg4 b6 19. Bc4 Bg7 20. Rf1 Rf8
21. a4
1-0

[Event "Cambrdge Springs Memorial Tournament"]
[Site "SchemingMind.com"]
[Date "2025.01.17"]
[Round "-"]
[White "The Stonewall"]
[Black "remstal"]
[Result "*"]
[WhiteCountry "ENG"]
[BlackCountry "GER"]
[WhiteElo "2292"]
[WhiteRD "77"]
[BlackElo "2343"]
[BlackRD "99"]
[GameID "751027"]

1. c4 e5 2. g3 Nf6 3. Bg2 Bc5 4. Nc3 c6 5. e3 Bb6 6. Nge2 d5 7. cxd5 cxd5 8. d4 e4 9. O-O O-O 10. f3 exf3
11. Rxf3 Bg4 12. Rf2 Nc6 13. Qd3 Ne7 14. b3 Bh5 15. Ba3 Bg6 16. Qd2 Ba5 17. Bc5 Bxc3 18. Nxc3 Re8 19. Raf1 Rc8 20. a4 Rc6
21. Bxa7 b6 22. a5 bxa5 23. Bc5 h5 24. Rf4 Kh8 25. Qe2 Neg8 26. Qd2 Nh6 27. Re1 Bf5 28. b4 axb4 29. Bxb4 Rc4 30. Bc5 Qa5
31. Rc1 Ne4 32. Bxe4 Bxe4 33. Rff1 Qd8 34. Nxe4 Rxc1 35. Qxc1 Rxe4 36. Bb4 h4 37. Rf4 Rxf4
*

[Event "Cambrdge Springs Memorial Tournament"]
[Site "SchemingMind.com"]
[Date "2025.01.17"]
[Round "-"]
[White "remstal"]
[Black "The Stonewall"]
[Result "1-0"]
[WhiteCountry "GER"]
[BlackCountry "ENG"]
[WhiteElo "2343"]
[WhiteRD "99"]
[BlackElo "2292"]
[BlackRD "77"]
[GameID "751028"]

1. e4 c6 2. d4 d5 3. e5 Bf5 4. Nf3 e6 5. Be2 Ne7 6. O-O c5 7. c4 Nbc6 8. dxc5 d4 9. Qb3 Qd7 10. Rd1 Ng6
11. Nc3 f6 12. exf6 gxf6 13. Nd5 Kf7 14. g4 Bxg4 15. Ng5+ fxg5 16. Bxg4 Nce5 17. Bxg5 Bxc5 18. Qg3 Raf8 19. Bh6 Rd8 20. Rd3 Nxg4
21. Rf3+ Kg8 22. Qxg4 exd5 23. Rf5 dxc4 24. Re1 Qc8 25. h3 b6 26. Ree5 Bf8 27. Rxf8+ Rxf8 28. Re6 Rf6 29. Rxf6 Qxg4+ 30. hxg4 a5
31. a4 c3 32. bxc3 dxc3 33. f4 c2 34. f5 c1=Q+ 35. Bxc1 Kg7 36. Bb2
1-0

[Event "Cambrdge Springs Memorial Tournament"]
[Site "SchemingMind.com"]
[Date "2025.01.20"]
[Round "-"]
[White "MazetaFighter"]
[Black "remstal"]
[Result "0-1"]
[WhiteCountry "GRE"]
[BlackCountry "GER"]
[WhiteElo "2108"]
[WhiteRD "81"]
[BlackElo "2343"]
[BlackRD "99"]
[GameID "751031"]

1. e4 e5 2. Nf3 Nc6 3. Bb5 a6 4. Ba4 Nf6 5. O-O Be7 6. Re1 b5 7. Bb3 O-O 8. c3 d6 9. h3 Nb8 10. d4 Nbd7
11. Nbd2 Bb7 12. Bc2 Re8 13. Nf1 Bf8 14. Ng3 g6 15. b3 a5 16. a4 b4 17. cxb4 axb4 18. Bb2 c5 19. dxe5 Nxe5 20. Nxe5 dxe5
21. Qxd8 Rexd8 22. Rad1 Nd7 23. Bd3 Nb6 24. Bb5 Rxd1 25. Rxd1 c4 26. Bxe5 cxb3 27. Rb1 Nxa4 28. Rxb3 Nc5 29. Rxb4 Nd3 30. Bxd3 Bxb4
31. Kf1 Ra2
0-1

[Event "Cambrdge Springs Memorial Tournament"]
[Site "SchemingMind.com"]
[Date "2025.01.17"]
[Round "-"]
[White "remstal"]
[Black "MazetaFighter"]
[Result "1-0"]
[WhiteCountry "GER"]
[BlackCountry "GRE"]
[WhiteElo "2343"]
[WhiteRD "99"]
[BlackElo "2108"]
[BlackRD "81"]
[GameID "751032"]

1. e4 e5 2. Nf3 Nc6 3. Bc4 Nf6 4. d3 Bc5 5. c3 d6 6. Nbd2 h6 7. O-O a6 8. Bb3 O-O 9. Re1 Be6 10. Bxe6 fxe6
11. b4 Ba7 12. Nf1 Qe8 13. a4 Ne7 14. h3 Ng6 15. N1h2 Nf4 16. Bxf4 exf4 17. e5 Nd5 18. Qb3 Qf7 19. d4 Rfe8 20. a5 Qf5
21. Ng4 Rac8 22. b5 axb5 23. Qxb5 Rb8 24. c4 Nc3 25. Qb3 Qd3 26. Kh2 h5 27. Nf6+ gxf6 28. exf6 Qg6 29. Qxc3 Qxf6 30. c5 dxc5
31. Re5 cxd4 32. Qd3 Re7 33. Rxh5 Rg7 34. Ne5 c5 35. Re1 Rc8 36. Ng4
1-0

[Event "Cambrdge Springs Memorial Tournament"]
[Site "SchemingMind.com"]
[Date "2025.01.17"]
[Round "-"]
[White "Chessibelle"]
[Black "remstal"]
[Result "0-1"]
[WhiteCountry "ENG"]
[BlackCountry "GER"]
[WhiteElo "915"]
[WhiteRD "58"]
[BlackElo "2143"]
[BlackRD "140"]
[GameID "751033"]

1. Nf3 Nf6 2. d4 g6 3. e3 Bg7 4. b3 O-O 5. g3 d5 6. Be2 Bh3 7. Nc3 c5 8. Bb2 cxd4 9. exd4 Nc6 10. Ng5 Bf5
11. O-O h5 12. h4 Ng4 13. f3 Ne3 14. Qc1 Qd6 15. Kh2 Nxf1+ 16. Bxf1 Nxd4 17. f4 Nxc2 18. Nb5 Bxb2 19. Qxb2 Qf6 20. Nd4 Nxd4
21. Kg2 Rac8 22. Kh1 Rc2 23. Qa3 Nf3 24. Rd1 Rh2#
0-1

[Event "Cambrdge Springs Memorial Tournament"]
[Site "SchemingMind.com"]
[Date "2025.01.17"]
[Round "-"]
[White "remstal"]
[Black "Chessibelle"]
[Result "1-0"]
[WhiteCountry "GER"]
[BlackCountry "ENG"]
[WhiteElo "2143"]
[WhiteRD "140"]
[BlackElo "915"]
[BlackRD "58"]
[GameID "751034"]

1. e4 e5 2. Nf3 Nc6 3. Bc4 h6 4. d4 Nf6 5. Nxe5 d5 6. Bb5 Qd6 7. O-O Be7 8. c4 b6 9. Bxc6+ Nd7 10. cxd5 O-O
11. Nxd7 Rd8 12. Ne5 f6 13. Nc4 Qb4 14. b3 Bf8 15. Ba3 Qe7 16. Bxe7 Bxe7 17. Bxa8 g5 18. Qh5 Kh7 19. Qf7+ Kh8 20. Qxe7 Rg8
21. Bc6 Bg4 22. Qxf6+ Kh7 23. Ne5 Bh5 24. Bd7 Rg7 25. Bf5+ Kh8 26. Qf8+ Rg8 27. Qxh6#
1-0

[Event "Cambrdge Springs Memorial Tournament"]
[Site "SchemingMind.com"]
[Date "2025.01.17"]
[Round "-"]
[White "Allan Sedstrem"]
[Black "remstal"]
[Result "0-1"]
[WhiteCountry "SCO"]
[BlackCountry "GER"]
[WhiteElo "1537"]
[WhiteRD "58"]
[BlackElo "2192"]
[BlackRD "126"]
[GameID "751035"]

1. d4 Nf6 2. c4 g6 3. e3 Bg7 4. Nf3 O-O 5. Bd3 c5 6. O-O cxd4 7. exd4 d5 8. Bg5 Nc6 9. Qd2 dxc4 10. Bxc4 Ne4
11. Qe3 Nxg5 12. Qxg5 Nxd4 13. Nbd2 Bf5 14. b3 b5 15. Rad1 bxc4 16. Nxd4 Qxd4 17. Nxc4 Qc5 18. Ne3 Bf6 19. Qf4 Rfd8 20. Nxf5 Qxf5
21. Qxf5 gxf5 22. Rxd8+ Rxd8 23. h3 Rd2 24. a3 Bd4 25. Kh1 Bxf2 26. Rb1 Bg3 27. b4 e5 28. a4 e4 29. a5 e3
0-1

[Event "Cambrdge Springs Memorial Tournament"]
[Site "SchemingMind.com"]
[Date "2025.01.17"]
[Round "-"]
[White "remstal"]
[Black "Allan Sedstrem"]
[Result "1-0"]
[WhiteCountry "GER"]
[BlackCountry "SCO"]
[WhiteElo "2143"]
[WhiteRD "140"]
[BlackElo "1541"]
[BlackRD "56"]
[GameID "751036"]

1. e4 e5 2. Nf3 d6 3. d4 Bg4 4. dxe5 Nc6 5. exd6 Bxd6 6. Nc3 Ne5 7. h3 Bxf3 8. gxf3 Qf6 9. f4 Ng6 10. e5 Qe6
11. Qd4 N8e7 12. Qa4+ c6 13. Bc4 b5 14. Bxe6 bxa4 15. exd6 fxe6 16. dxe7 Kxe7 17. Nxa4 Rhf8 18. Be3 Nxf4 19. Bc5+
1-0

[Event "Cambrdge Springs Memorial Tournament"]
[Site "SchemingMind.com"]
[Date "2025.01.17"]
[Round "-"]
[White "Raymond de Kemp"]
[Black "remstal"]
[Result "0-1"]
[WhiteCountry "NED"]
[BlackCountry "GER"]
[WhiteElo "1816"]
[WhiteRD "63"]
[BlackElo "2192"]
[BlackRD "126"]
[GameID "751037"]

1. d4 e6 2. Nf3 d5 3. Bf4 Nf6 4. e3 c5 5. c3 Bd6 6. Bg3 O-O 7. Nbd2 Qc7 8. Ne5 c4 9. Be2 Nbd7 10. Nxd7 Bxd7
11. Qc2 Bxg3 12. hxg3 e5 13. dxe5 Qxe5 14. O-O-O Bf5 15. Qa4 Bg6 16. g4 Ne4 17. Nxe4 Qxe4 18. Kd2 b5 19. Qa3 b4 20. cxb4 Qxg2
21. Rdf1 d4 22. exd4 Qe4 23. Qe3 Qc2+ 24. Ke1 Rae8 25. Qd2 Rxe2+
0-1

[Event "Cambrdge Springs Memorial Tournament"]
[Site "SchemingMind.com"]
[Date "2025.01.17"]
[Round "-"]
[White "remstal"]
[Black "Raymond de Kemp"]
[Result "1-0"]
[WhiteCountry "GER"]
[BlackCountry "NED"]
[WhiteElo "2143"]
[WhiteRD "140"]
[BlackElo "1880"]
[BlackRD "68"]
[GameID "751038"]

1. e4 d6 2. d4 Nf6 3. Nc3 Nbd7 4. f4 e5 5. Be3 exd4 6. Bxd4 c5 7. Bxf6 Nxf6 8. Bc4 Bg4 9. Nf3 a6 10. Qe2 Be7
11. e5 Nh5 12. O-O-O Nxf4 13. Qe4 Bg5 14. Rxd6 Qe7 15. Nxg5 Qxg5 16. Bxf7+ Kxf7 17. h4 Ne2+ 18. Kb1 Nxc3+ 19. bxc3 Qe7 20. Qxg4 Qxe5
21. Rf1+ Ke7 22. Qd7#
1-0